000 00619nam a2200193Ia 4500
003 GCL
008 140319s9999 xx 000 0 ara d
040 _aGCL /
_cGCL
082 0 4 _a273.2
_bا ا
100 1 _aاحمد زكى
245 1 0 _aانزعوا قناع بولس عن وجه المسيح /
_cاحمد زكى
260 _aالقاهرة :
_bدار الحداثة للطباعة والنشر ،
_c1995
300 _a908 ص
490 _aالهيئة العامة للاستعلامات
_v0
650 0 4 _aالانجيل
650 0 4 _aالمسيح
650 0 4 _aالثالوث المقدس
942 _2ddc
_cBK
999 _c50475
_d50475